[Event "ENCI Limburg-open A"]
[Site "Maastricht"]
[Date "2007.05.26"]
[Round "2"]
[White "Reyniers, Pieter"]
[Black "Hamblok, Roel"]
[Result "1/2-1/2"]
[WhiteElo "2016"]
[BlackElo "1943"]
[PlyCount "113"]
[EventDate "2007.05.25"]
[EventType "swiss"]
[EventRounds "7"]
[EventCountry "NED"]
[Source "P.Boonen"]
[SourceDate "2010.01.01"]

1. e4 c5 2. Nc3 g6 3. g3 Bg7 4. Bg2 Nc6 5. d3 d6 6. Be3 Nf6 7. h3 O-O 8. Qd2
Nd4 9. Nce2 e5 10. c3 Nc6 11. f4 b6 12. Nf3 Re8 13. O-O Bb7 14. f5 d5 15. Qc2
Na5 16. Nd2 dxe4 17. Nxe4 Nd5 18. Bg5 f6 19. Bd2 Nc6 20. Rad1 Qd7 21. g4 Ba6
22. N2g3 g5 23. Bxg5 fxg5 24. f6 Bxf6 25. Nxf6+ Nxf6 26. Rxf6 Bb7 27. Ne4 Rf8
28. Qd2 Kh8 29. Rxf8+ Rxf8 30. Nxg5 Ne7 31. Bxb7 Qxb7 32. Qg2 Qd7 33. Rf1 Rf4
34. Rxf4 exf4 35. Qa8+ Kg7 36. Qe4 Ng6 37. d4 Qa4 38. dxc5 Qd1+ 39. Kf2 Qd2+
40. Qe2 Qd5 41. Nf3 bxc5 42. c4 Qd7 43. Qd2 Qe6 44. Qc3+ Kg8 45. Qd3 Kg7 46. a3
a5 47. Ng5 Qe7 48. Nf3 Qe6 49. Kf1 a4 50. b3 axb3 51. Qxb3 Qe4 52. Kf2 Nf8 53.
Qc3+ Kg8 54. a4 Qb1 55. a5 Qa2+ 56. Nd2 Ne6 57. Kf3 1/2-1/2

[Event "ENCI Limburg-open A"]
[Site "Maastricht"]
[Date "2007.05.26"]
[Round "2"]
[White "Rogers, Ian"]
[Black "Dam, Hans"]
[Result "1-0"]
[WhiteElo "2513"]
[BlackElo "2066"]
[PlyCount "51"]
[EventDate "2007.05.25"]
[EventType "swiss"]
[EventRounds "7"]
[EventCountry "NED"]
[Source "P.Boonen"]
[SourceDate "2010.01.01"]

1. e4 e6 2. d4 d5 3. Nc3 Bb4 4. e5 c5 5. a3 Bxc3+ 6. bxc3 Qc7 7. Nf3 Ne7 8. a4
Nbc6 9. Ba3 cxd4 10. cxd4 f6 11. Bb5 Bd7 12. O-O O-O-O 13. Rb1 Nf5 14. Re1 h5
15. c3 Na5 16. Bd3 Nc4 17. Bb4 fxe5 18. Nxe5 Nxe5 19. dxe5 g6 20. Bxf5 gxf5 21.
Qd4 b6 22. a5 b5 23. Bd6 Qb7 24. a6 Qxa6 25. Ra1 Qb6 26. Rxa7 1-0

[Event "ENCI Limburg-open A"]
[Site "Maastricht"]
[Date "2007.05.26"]
[Round "2"]
[White "Roggeveen, Pieter"]
[Black "Swinkels, Robin"]
[Result "0-1"]
[WhiteElo "2073"]
[BlackElo "2433"]
[PlyCount "66"]
[EventDate "2007.05.25"]
[EventType "swiss"]
[EventRounds "7"]
[EventCountry "NED"]
[Source "P.Boonen"]
[SourceDate "2010.01.01"]

1. c4 Nf6 2. Nc3 d5 3. cxd5 Nxd5 4. Nf3 Nxc3 5. bxc3 c5 6. d4 g6 7. Bg5 Bg7 8.
Qd2 cxd4 9. cxd4 Bg4 10. Ne5 Bxe5 11. dxe5 Nc6 12. f3 Be6 13. Qb2 O-O 14. Kf2
Qa5 15. h4 Rac8 16. a3 Rfd8 17. Rc1 Rd7 18. Bf4 Rcd8 19. Kg3 Rd1 20. Rxd1 Rxd1
21. Kh2 Qa6 22. h5 gxh5 23. g4 Qc4 24. Bh6 Qc5 25. Kg3 h4+ 26. Kg2 Qxe5 27.
Qxe5 Nxe5 28. Rxh4 Ra1 29. Rh5 f6 30. Bf4 Ng6 31. Bb8 Rxa3 32. Rb5 b6 33. e4
Nh4+ 0-1

[Event "ENCI Limburg-open A"]
[Site "Maastricht"]
[Date "2007.05.26"]
[Round "2"]
[White "Roufs, Gerard"]
[Black "Fernandez, Daniel"]
[Result "0-1"]
[WhiteElo "1878"]
[BlackElo "1975"]
[PlyCount "130"]
[EventDate "2007.05.25"]
[EventType "swiss"]
[EventRounds "7"]
[EventCountry "NED"]
[Source "P.Boonen"]
[SourceDate "2010.01.01"]

1. e4 e5 2. Nf3 Nc6 3. Bb5 a6 4. Ba4 Nf6 5. Qe2 b5 6. Bb3 Bc5 7. O-O d6 8. c3
Bg4 9. d3 h5 10. Be3 h4 11. h3 Bxe3 12. Qxe3 Bxf3 13. Qxf3 Qd7 14. Rd1 Nh5 15.
Nd2 Nf4 16. Nf1 Nd8 17. d4 f6 18. a4 Rb8 19. axb5 axb5 20. Ne3 Nf7 21. Bxf7+
Kxf7 22. Nd5 Nxd5 23. exd5 f5 24. dxe5 dxe5 25. Ra7 Ra8 26. Rxa8 Rxa8 27. Qh5+
Kg8 28. Qxh4 Qd6 29. Qg5 g6 30. Qd2 Ra2 31. Qe2 b4 32. c4 e4 33. Qd2 Qc5 34.
Qh6 Kf7 35. Qh7+ Kf6 36. Qh8+ Kf7 37. Qe5 Ra6 38. b3 Ra2 39. Qg3 Qd6 40. Qe3
Rc2 41. Rc1 f4 42. Qe1 Rxc1 43. Qxc1 Qe5 44. Kf1 g5 45. Qd1 Kf6 46. c5 Ke7 47.
g3 fxg3 48. d6+ Ke8 49. Qh5+ Kd8 50. fxg3 cxd6 51. cxd6 Qxg3 52. Qh8+ Kd7 53.
Qg7+ Kxd6 54. Qd4+ Kc7 55. Qc4+ Kd7 56. Qd5+ Qd6 57. Qb7+ Kd8 58. Qa8+ Kc7 59.
Qa7+ Kc6 60. Qa8+ Kb6 61. Qxe4 Qd1+ 62. Kg2 Qxb3 63. Qg6+ Kc5 64. Qf5+ Qd5+ 65.
Qxd5+ Kxd5 0-1

[Event "ENCI Limburg-open A"]
[Site "Maastricht"]
[Date "2007.05.26"]
[Round "2"]
[White "Saligo, Luc"]
[Black "Braeken, Barry"]
[Result "1-0"]
[WhiteElo "2135"]
[BlackElo "1941"]
[PlyCount "99"]
[EventDate "2007.05.25"]
[EventType "swiss"]
[EventRounds "7"]
[EventCountry "NED"]
[Source "P.Boonen"]
[SourceDate "2010.01.01"]

1. d4 Nf6 2. Bf4 e6 3. e3 c5 4. c3 cxd4 5. exd4 Nc6 6. Nd2 d6 7. Ngf3 Qc7 8. h3
Be7 9. Bd3 e5 10. dxe5 dxe5 11. Bh2 Be6 12. Qe2 Nd7 13. Nc4 f6 14. O-O g5 15.
Nd4 Bf7 16. Nb5 Qb8 17. Bf5 Nc5 18. Rad1 O-O 19. Ncd6 a6 20. Nxf7 Rxf7 21. Nd4
Qe8 22. Ne6 Qc8 23. Ng7 Qc7 24. Nh5 Nd8 25. Qg4 Qb6 26. b4 Nce6 27. Rd7 Nf8 28.
Rxe7 Rxe7 29. h4 h6 30. c4 Nf7 31. c5 Qc6 32. Be4 Qe6 33. Qxe6 Nxe6 34. Nxf6+
Kg7 35. Nd5 Ree8 36. Nb6 Rab8 37. Nd7 Rbd8 38. Nxe5 Rd4 39. Nxf7 Kxf7 40. Bf3
Re7 41. Bd6 Rd7 42. hxg5 hxg5 43. Re1 Nf4 44. a3 Ng6 45. Be4 Kf6 46. g3 Rd2 47.
Bf3 Kg7 48. Rd1 Rxd1+ 49. Bxd1 b6 50. Bf3 1-0

[Event "ENCI Limburg-open A"]
[Site "Maastricht"]
[Date "2007.05.26"]
[Round "2"]
[White "Saligo, Pieter"]
[Black "Arnelind, Mikael"]
[Result "0-1"]
[WhiteElo "1807"]
[BlackElo "2155"]
[PlyCount "46"]
[EventDate "2007.05.25"]
[EventType "swiss"]
[EventRounds "7"]
[EventCountry "NED"]
[Source "P.Boonen"]
[SourceDate "2010.01.01"]

1. d4 Nf6 2. Bf4 e6 3. e3 d5 4. Nf3 c5 5. c3 Nc6 6. Bd3 Be7 7. h3 O-O 8. O-O c4
9. Bc2 b5 10. Nbd2 b4 11. Bb1 bxc3 12. bxc3 Qb6 13. Qc2 Ba3 14. Ne5 g6 15. Bh6
Re8 16. h4 Nxe5 17. dxe5 Nd7 18. Qd1 Bb2 19. Bxg6 fxg6 20. Rb1 Nxe5 21. Bf4 Nd3
22. Bh6 e5 23. Qa4 Be6 0-1

[Event "ENCI Limburg-open A"]
[Site "Maastricht"]
[Date "2007.05.26"]
[Round "2"]
[White "Schilperoort, Jeroen"]
[Black "Nabuurs, Joep"]
[Result "1/2-1/2"]
[WhiteElo "1946"]
[BlackElo "2157"]
[PlyCount "39"]
[EventDate "2007.05.25"]
[EventType "swiss"]
[EventRounds "7"]
[EventCountry "NED"]
[Source "P.Boonen"]
[SourceDate "2010.01.01"]

1. e4 e5 2. Nc3 Nf6 3. f4 d5 4. fxe5 Nxe4 5. d3 Nxc3 6. bxc3 d4 7. Nf3 c5 8.
Be2 Nc6 9. O-O Be7 10. Qe1 h6 11. Kh1 Be6 12. c4 Qc7 13. c3 g5 14. cxd4 cxd4
15. h3 O-O-O 16. Rb1 Nxe5 17. Nxe5 Qxe5 18. Rb5 Qc7 19. Bf3 b6 20. Qe4 1/2-1/2

[Event "ENCI Limburg-open A"]
[Site "Maastricht"]
[Date "2007.05.26"]
[Round "2"]
[White "Scholzen, Wolfgang"]
[Black "Van der Berg, Bram"]
[Result "0-1"]
[WhiteElo "2001"]
[BlackElo "2196"]
[PlyCount "89"]
[EventDate "2007.05.25"]
[EventType "swiss"]
[EventRounds "7"]
[EventCountry "NED"]
[Source "P.Boonen"]
[SourceDate "2010.01.01"]

1. e4 d5 2. exd5 Nf6 3. Nf3 Qxd5 4. Nc3 Qa5 5. Bc4 c6 6. O-O Bg4 7. h3 Bh5 8.
d4 e6 9. Re1 Nbd7 10. a3 Rd8 11. Qd3 Be7 12. Ng5 h6 13. Nge4 Bg6 14. Bf4 Nd5
15. Qg3 Nxf4 16. Qxf4 Nf6 17. b4 Qf5 18. Qc7 Kf8 19. Qxb7 Rxd4 20. Qc8+ Rd8 21.
Qxc6 Qf4 22. Nc5 Kg8 23. Nxe6 fxe6 24. Rxe6 Bf7 25. g3 Qd4 26. Rxe7 Qxc4 27.
Qxc4 Bxc4 28. Rxa7 Kh7 29. b5 Rd2 30. Rc7 Be6 31. b6 Rb8 32. b7 Rxc2 33. Re1
Bb3 34. Ree7 Rxc3 35. Rxc3 Nd5 36. Rcc7 Nxc7 37. Rxc7 Be6 38. a4 Bd5 39. a5
Rxb7 40. Rc1 Rb2 41. Ra1 Ra2 42. Rxa2 Bxa2 43. f3 Kg6 44. Kf2 Kf5 45. Ke3 0-1

[Event "ENCI Limburg-open A"]
[Site "Maastricht"]
[Date "2007.05.26"]
[Round "2"]
[White "Schotanus, Fred"]
[Black "Zachariassen, Bjarne"]
[Result "0-1"]
[WhiteElo "1791"]
[BlackElo "1946"]
[PlyCount "112"]
[EventDate "2007.05.25"]
[EventType "swiss"]
[EventRounds "7"]
[EventCountry "NED"]
[Source "P.Boonen"]
[SourceDate "2010.01.01"]

1. e4 c5 2. Nc3 Nc6 3. g3 g6 4. Bg2 Bg7 5. Nge2 e6 6. d3 d6 7. O-O Nge7 8. f4
O-O 9. h3 Rb8 10. Be3 b5 11. Qd2 b4 12. Nd1 f5 13. Kh2 Bb7 14. c3 Qc7 15. Nf2
Ba6 16. Rfc1 Rfd8 17. Qc2 Kh8 18. Rd1 bxc3 19. bxc3 Qa5 20. Bd2 Qa3 21. Rab1 d5
22. e5 c4 23. d4 Bb5 24. Qc1 Qxa2 25. Ra1 Qb3 26. Ra3 a5 27. Rxb3 cxb3 28. Bf1
a4 29. Qb2 Na5 30. Bc1 Nc4 31. Qa1 Bf8 32. Nd3 a3 33. Kg1 Ba4 34. Nb2 axb2 35.
Bxb2 Ra8 36. Qb1 Nc6 37. Kf2 N6a5 38. Nc1 Bb5 39. Nd3 Nc6 40. Be2 Ra2 41. Re1
Rda8 42. Qc1 N6a5 43. Kf3 Rxb2 44. Nxb2 Ba3 45. Bxc4 Nxc4 46. Qa1 Nxb2 47. Rb1
Nc4 48. Kf2 Bc6 49. Rxb3 Bb2 50. Qe1 Ra2 51. Kf3 Ba4 52. Rb8+ Kg7 53. g4 Bxc3
54. Qxc3 Ra3 55. Qxa3 Nxa3 56. g5 Nc2 0-1

[Event "ENCI Limburg-open A"]
[Site "Maastricht"]
[Date "2007.05.26"]
[Round "2"]
[White "Seip, Rien"]
[Black "Klein, Felix"]
[Result "0-1"]
[WhiteElo "2093"]
[BlackElo "2207"]
[PlyCount "62"]
[EventDate "2007.05.25"]
[EventType "swiss"]
[EventRounds "7"]
[EventCountry "NED"]
[Source "P.Boonen"]
[SourceDate "2010.01.01"]

1. d4 d5 2. c4 e6 3. Nc3 c6 4. e3 Bd6 5. Bd3 f5 6. Nge2 Nf6 7. f3 O-O 8. Qc2 b6
9. Bd2 Ba6 10. b3 Nbd7 11. a3 Rc8 12. cxd5 Bxd3 13. Qxd3 Nxd5 14. O-O Qh4 15.
g3 Qe7 16. e4 Nxc3 17. Bxc3 fxe4 18. fxe4 Bxa3 19. Nf4 Kh8 20. Kg2 a5 21. Qc4
Nf6 22. Rxa3 Qxa3 23. Nxe6 Ng4 24. Rxf8+ Rxf8 25. Qxc6 Qa2+ 26. Kh3 Qxh2+ 27.
Kxg4 h5+ 28. Kg5 Qxg3+ 29. Kxh5 g6+ 30. Kh6 Qh4+ 31. Kxg6 Rf6# 0-1

[Event "ENCI Limburg-open A"]
[Site "Maastricht"]
[Date "2007.05.26"]
[Round "2"]
[White "Soors, Stef"]
[Black "Butkiewicz, Lukasz"]
[Result "0-1"]
[WhiteElo "2061"]
[BlackElo "2252"]
[PlyCount "92"]
[EventDate "2007.05.25"]
[EventType "swiss"]
[EventRounds "7"]
[EventCountry "NED"]
[Source "P.Boonen"]
[SourceDate "2010.01.01"]

1. d4 f5 2. Nc3 Nf6 3. Bg5 d5 4. Bxf6 exf6 5. e3 Be6 6. Nh3 Be7 7. Bd3 g6 8.
Qf3 Bf7 9. Nf4 c6 10. h4 h5 11. Rh3 Nd7 12. O-O-O Qa5 13. a3 Bxa3 14. Ncxd5
Bxb2+ 15. Kxb2 cxd5 16. Ra1 Qb4+ 17. Kc1 Qd6 18. Qe2 Ke7 19. Qd2 a6 20. f3 Rac8
21. Rh1 Nb6 22. Rb1 Rc7 23. Qa5 Rc6 24. Re1 Rhc8 25. g3 Kf8 26. Re2 R8c7 27. e4
dxe4 28. fxe4 fxe4 29. Bxe4 Nc4 30. Qa1 Na3 31. Bxc6 Nxb1 32. Qxb1 Qxc6 33.
Qb4+ Kg7 34. Kb2 b6 35. Kc1 a5 36. Qa3 a4 37. Qd3 Qd6 38. Re6 Qd8 39. d5 Re7
40. Rxe7 Qxe7 41. d6 Qe1+ 42. Kb2 Qb4+ 43. Kc1 a3 44. d7 a2 45. Qa6 Qe1+ 46.
Kb2 Qb1+ 0-1

[Event "ENCI Limburg-open A"]
[Site "Maastricht"]
[Date "2007.05.26"]
[Round "2"]
[White "Sprangers, Remco"]
[Black "Wislez, Franscis"]
[Result "0-1"]
[WhiteElo "2207"]
[BlackElo "2083"]
[PlyCount "98"]
[EventDate "2007.05.25"]
[EventType "swiss"]
[EventRounds "7"]
[EventCountry "NED"]
[Source "P.Boonen"]
[SourceDate "2010.01.01"]

1. e4 d5 2. exd5 Nf6 3. Nf3 Qxd5 4. Nc3 Qa5 5. d4 c6 6. Bc4 b5 7. Bb3 e6 8. Ne5
Qc7 9. O-O a5 10. a4 b4 11. Ne2 Bd6 12. f4 Ba6 13. Nc4 Bxc4 14. Bxc4 Nbd7 15.
Ng3 Nb6 16. Bd3 Nbd7 17. Qf3 g6 18. Ne4 Nxe4 19. Bxe4 Rc8 20. c4 bxc3 21. bxc3
Nf6 22. Bd3 h5 23. c4 Rb8 24. c5 Be7 25. f5 Qd7 26. fxe6 Qxd4+ 27. Kh1 Rd8 28.
exf7+ Kxf7 29. Ra3 Kg7 30. Rb3 Rhf8 31. Bb2 Qxc5 32. Qg3 g5 33. Ba3 Ne4 34.
Bb2+ Kh6 35. Qe1 Rxf1+ 36. Qxf1 Rf8 37. Qa1 Nf2+ 38. Kg1 Nxd3+ 39. Bd4 Qc1+ 40.
Qxc1 Nxc1 41. Re3 Bf6 42. Bc5 Rd8 43. Re6 Kg7 44. Rxc6 Nd3 45. Bd6 Re8 46. g3
g4 47. Rc7+ Kg6 48. Rd7 Bd4+ 49. Kg2 Re2+ 0-1

[Event "ENCI Limburg-open A"]
[Site "Maastricht"]
[Date "2007.05.26"]
[Round "2"]
[White "Steffens, Olaf"]
[Black "Larmuseau, Maarten"]
[Result "1-0"]
[WhiteElo "2258"]
[BlackElo "2020"]
[PlyCount "137"]
[EventDate "2007.05.25"]
[EventType "swiss"]
[EventRounds "7"]
[EventCountry "NED"]
[Source "P.Boonen"]
[SourceDate "2010.01.01"]

1. e4 d6 2. Nc3 Nf6 3. f4 g6 4. Nf3 Bg7 5. g3 c5 6. Bg2 Nc6 7. d3 e6 8. O-O O-O
9. h3 a6 10. Be3 b6 11. Bf2 d5 12. e5 Nd7 13. d4 Bb7 14. Ne2 Qe7 15. c3 b5 16.
g4 f5 17. Bh4 Qe8 18. Qd2 h6 19. Ng3 Kh7 20. Kh2 Rg8 21. Ng1 Bf8 22. gxf5 gxf5
23. Bf3 Be7 24. Bxe7 Qxe7 25. N1e2 Rg6 26. Nh5 Rag8 27. Qe3 c4 28. a3 a5 29.
Qf2 Nd8 30. Ng1 Nf7 31. Bh1 Ra8 32. Nf3 Nh8 33. Nh4 Rgg8 34. Bf3 Ng6 35. Ng2 b4
36. Ne3 bxc3 37. bxc3 Rab8 38. Rg1 Nh4 39. Be2 Bc6 40. Kh1 Ng6 41. Bd1 Qh4 42.
Rg3 a4 43. Ng2 Qd8 44. Bc2 Rb2 45. Kh2 Qe7 46. Kh1 Rgb8 47. Rxg6 Kxg6 48. Nh4+
Kf7 49. Rg1 Qxa3 50. Qg3 Ke7 51. Bxf5 exf5 52. Nxf5+ Kd8 53. e6 Rb1 54. e7+ Kc7
55. e8=N+ Kd8 56. Qh4+ Kxe8 57. Nhg7+ Kf8 58. Ne6+ Kf7 59. Nd8+ Rxd8 60. Rxb1
Qf8 61. Nxh6+ Ke6 62. f5+ Kd6 63. Qf4+ Ke7 64. Re1+ Kf6 65. Qh4+ Kg7 66. Re7+
Kh8 67. Nf7+ Kg7 68. Qh6+ Kg8 69. Qh8# 1-0

[Event "ENCI Limburg-open A"]
[Site "Maastricht"]
[Date "2007.05.26"]
[Round "2"]
[White "Taverniers, Peter"]
[Black "Oosterman, Maarten Jan"]
[Result "1/2-1/2"]
[WhiteElo "1812"]
[BlackElo "1959"]
[PlyCount "50"]
[EventDate "2007.05.25"]
[EventType "swiss"]
[EventRounds "7"]
[EventCountry "NED"]
[Source "P.Boonen"]
[SourceDate "2010.01.01"]

1. c4 e5 2. Nc3 Nf6 3. g3 d5 4. cxd5 Nxd5 5. Bg2 Nb6 6. d3 Be7 7. Nf3 Nc6 8.
O-O O-O 9. Ne1 Be6 10. f4 exf4 11. Bxf4 Qd7 12. Ne4 Nd5 13. Qc1 Nd4 14. Rf2 b6
15. Nc2 Nxf4 16. Nxd4 Nxd3 17. exd3 Qxd4 18. Qxc7 Rfe8 19. Qc3 Rad8 20. Qxd4
Rxd4 21. Bf1 Bd5 22. Rc2 Rxe4 23. dxe4 Bxe4 24. Bb5 Rd8 25. Re2 Bc5+ 1/2-1/2

[Event "ENCI Limburg-open A"]
[Site "Maastricht"]
[Date "2007.05.26"]
[Round "2"]
[White "Telke, Holger"]
[Black "Schut, Lisa"]
[Result "1-0"]
[WhiteElo "2163"]
[BlackElo "1918"]
[PlyCount "137"]
[EventDate "2007.05.25"]
[EventType "swiss"]
[EventRounds "7"]
[EventCountry "NED"]
[Source "P.Boonen"]
[SourceDate "2010.01.01"]

1. d4 Nf6 2. c4 g6 3. Nc3 d5 4. g3 Bg7 5. Bg2 dxc4 6. e4 c5 7. d5 e6 8. Qa4+
Bd7 9. Qxc4 exd5 10. Qxc5 Nxe4 11. Bxe4 dxe4 12. Nxe4 Qe7 13. Qxe7+ Kxe7 14.
Bd2 Na6 15. Ne2 Bc6 16. f3 Bxb2 17. Rb1 Bg7 18. Bg5+ f6 19. Bf4 Rhd8 20. O-O
Kf8 21. Bd6+ Kf7 22. Ba3 Kg8 23. Be7 Re8 24. Bxf6 Bxe4 25. fxe4 Bxf6 26. Rxf6
Rxe4 27. Nc3 Re7 28. Nd5 Re5 29. Rd6 Nc5 30. Nf6+ Kh8 31. g4 Rc8 32. h4 b6 33.
Rc1 Rf8 34. g5 h6 35. gxh6 Rf5 36. Ng4 g5 37. h5 Rf4 38. Ne5 Kh7 39. Re1 R8f6
40. Rxf6 Rxf6 41. Ng4 Rf7 42. Re5 Nd3 43. Rxg5 Nf4 44. Re5 Nd3 45. Rb5 Nc5 46.
Kg2 Rf5 47. Rb4 Kh8 48. Rd4 Kh7 49. Rd6 Rf7 50. Rg6 Nd7 51. Kg3 Nc5 52. Kh4 Nd7
53. Kg5 a6 54. Rd6 Nc5 55. Rxb6 Ne4+ 56. Kh4 a5 57. Ra6 Nf2 58. Ne3 Ne4 59. Nd5
Nf2 60. Re6 a4 61. Re3 Kxh6 62. Re6+ Kh7 63. Nf6+ Kg7 64. Ne8+ Kh7 65. h6 Nd3
66. Kg5 Nf4 67. Nf6+ Rxf6 68. Rxf6 Nh3+ 69. Kh5 1-0

[Event "ENCI Limburg-open A"]
[Site "Maastricht"]
[Date "2007.05.26"]
[Round "2"]
[White "Van Gool, Henk"]
[Black "Blijlevens, Pim"]
[Result "1-0"]
[WhiteElo "2183"]
[BlackElo "1913"]
[PlyCount "67"]
[EventDate "2007.05.25"]
[EventType "swiss"]
[EventRounds "7"]
[EventCountry "NED"]
[Source "P.Boonen"]
[SourceDate "2010.01.01"]

1. e4 c5 2. Nf3 Nc6 3. d4 cxd4 4. Nxd4 e5 5. Nb5 a6 6. N5c3 Bc5 7. Bc4 b5 8.
Bxf7+ Kxf7 9. Qd5+ Ke8 10. Qxc5 Qe7 11. Be3 Nf6 12. Nd2 Bb7 13. Qxe7+ Kxe7 14.
O-O-O Rac8 15. Nb3 d6 16. f3 h6 17. h4 Rb8 18. g4 Bc8 19. g5 Nh5 20. Nd5+ Ke6
21. gxh6 gxh6 22. Rhg1 Ne7 23. Nc7+ Kd7 24. Nxa6 Ra8 25. Nbc5+ Kc6 26. Nb4+ Kc7
27. Ncd3 Be6 28. f4 exf4 29. Nxf4 Bf7 30. Nxh5 Bxh5 31. Rg7 Bxd1 32. Rxe7+ Kd8
33. Nc6+ Kc8 34. Bb6 1-0

[Event "ENCI Limburg-open A"]
[Site "Maastricht"]
[Date "2007.05.26"]
[Round "2"]
[White "Van Haren, Marcel"]
[Black "Spronkmans, Stefan"]
[Result "0-1"]
[WhiteElo "1815"]
[BlackElo "1965"]
[PlyCount "66"]
[EventDate "2007.05.25"]
[EventType "swiss"]
[EventRounds "7"]
[EventCountry "NED"]
[Source "P.Boonen"]
[SourceDate "2010.01.01"]

1. e4 c6 2. d4 d5 3. e5 Bf5 4. Nc3 e6 5. g4 Bg6 6. Nge2 h6 7. Nf4 Bh7 8. Bd3
Bxd3 9. Qxd3 Nd7 10. g5 hxg5 11. Nxe6 Nxe5 12. dxe5 fxe6 13. Qg6+ Kd7 14. Bxg5
Qe8 15. Qd3 Be7 16. Bxe7 Nxe7 17. O-O-O Kc7 18. Ne4 Qf7 19. Kb1 Nf5 20. Ng5 Qe7
21. f4 Rh4 22. Qd2 Rah8 23. Rdg1 b6 24. a3 c5 25. b4 cxb4 26. axb4 Kb8 27. Kb2
Rc8 28. Nf3 Rh3 29. Rf1 Rc4 30. c3 d4 31. cxd4 Rxb4+ 32. Kc2 Rxf3 33. Rxf3
Nxd4+ 0-1

[Event "ENCI Limburg-open A"]
[Site "Maastricht"]
[Date "2007.05.26"]
[Round "2"]
[White "Van Weersel, Arlette"]
[Black "Schaeken, Yordi"]
[Result "1-0"]
[WhiteElo "2156"]
[BlackElo "1876"]
[PlyCount "95"]
[EventDate "2007.05.25"]
[EventType "swiss"]
[EventRounds "7"]
[EventCountry "NED"]
[Source "P.Boonen"]
[SourceDate "2010.01.01"]

1. e4 c5 2. c4 Nc6 3. Ne2 g6 4. d4 cxd4 5. Nxd4 Bg7 6. Be3 Nf6 7. Nc3 O-O 8.
Be2 d6 9. O-O Nd7 10. Nb3 Na5 11. f3 Ne5 12. Nd2 Be6 13. Nd5 Rc8 14. Rc1 b6 15.
b4 Nac6 16. a3 f5 17. exf5 Bxf5 18. Nb3 Nf7 19. Qd2 Nce5 20. Nd4 Bd7 21. Nf4
Re8 22. Nfe6 Bxe6 23. Nxe6 Qd7 24. Nxg7 Kxg7 25. Bd4 Kg8 26. Bb2 Qe6 27. Qd4
Qf6 28. f4 Nd7 29. Qd2 e5 30. Bg4 Qe7 31. fxe5 Ndxe5 32. Bxc8 Rxc8 33. Qd5 Rf8
34. c5 bxc5 35. bxc5 Ng4 36. Rce1 Qc7 37. h3 Ngh6 38. cxd6 Qxd6 39. Qxd6 Nxd6
40. Rxf8+ Kxf8 41. Bd4 Kf7 42. Bxa7 Nb5 43. Bc5 Nf5 44. a4 Nc3 45. a5 Na4 46.
a6 Nxc5 47. a7 Nd3 48. Rf1 1-0

[Event "ENCI Limburg-open A"]
[Site "Maastricht"]
[Date "2007.05.26"]
[Round "2"]
[White "Van den Bersselaar, Henri"]
[Black "Costello, Colin"]
[Result "0-1"]
[WhiteElo "1896"]
[BlackElo "2004"]
[PlyCount "132"]
[EventDate "2007.05.25"]
[EventType "swiss"]
[EventRounds "7"]
[EventCountry "NED"]
[Source "P.Boonen"]
[SourceDate "2010.01.01"]

1. d4 d5 2. c4 e6 3. Nc3 Nf6 4. Bg5 Bb4 5. Qc2 Nbd7 6. e3 c6 7. cxd5 exd5 8.
Bd3 Qa5 9. Nge2 O-O 10. O-O Re8 11. Bf4 Nf8 12. h3 Qd8 13. a3 Bd6 14. b4 a6 15.
Rab1 Ng6 16. Bxd6 Qxd6 17. a4 Bd7 18. b5 axb5 19. axb5 c5 20. dxc5 Qxc5 21. Nd4
Ne5 22. Nce2 Qd6 23. Bf5 g6 24. Bxd7 Qxd7 25. Qd1 Rac8 26. Rc1 Nc4 27. Nc3 Qe7
28. Qb3 Qe5 29. Nf3 Qd6 30. Rfd1 Qc5 31. Na4 Qd6 32. Nb2 Ne4 33. Rd4 Qf6 34.
Rcd1 Nb6 35. Na4 Nxa4 36. Qxa4 Nc3 37. Qb3 Nxd1 38. Rxd1 Qd6 39. Qxd5 Qxd5 40.
Rxd5 Red8 41. Rxd8+ Rxd8 42. Nd4 Ra8 43. g4 Kf8 44. Kg2 Ke7 45. f4 Kd6 46. Kf3
Kd5 47. h4 Ra1 48. h5 Rh1 49. Kg2 Rd1 50. hxg6 hxg6 51. Kf3 Rd2 52. g5 Rb2 53.
Ne2 Kc4 54. Nd4 Rh2 55. f5 Kd3 56. fxg6 fxg6 57. Ne6 Rh3+ 58. Kg4 Rxe3 59. Nc5+
Kc4 60. Nxb7 Kxb5 61. Nd6+ Kc6 62. Nf7 Kd7 63. Kf4 Re6 64. Ne5+ Ke7 65. Ng4 Rd6
66. Ne5 Kf8 0-1

[Event "ENCI Limburg-open A"]
[Site "Maastricht"]
[Date "2007.05.26"]
[Round "2"]
[White "Van den Bersselaar, Jeroen"]
[Black "Nijs, Nils"]
[Result "1/2-1/2"]
[WhiteElo "2189"]
[BlackElo "1986"]
[PlyCount "76"]
[EventDate "2007.05.25"]
[EventType "swiss"]
[EventRounds "7"]
[EventCountry "NED"]
[Source "P.Boonen"]
[SourceDate "2010.01.01"]

1. d4 Nf6 2. c4 g6 3. Nc3 Bg7 4. e4 d6 5. Nge2 O-O 6. Ng3 e5 7. d5 a5 8. h4 c6
9. h5 Na6 10. Bg5 h6 11. Be3 Ng4 12. Bd2 f5 13. hxg6 Qb6 14. Qe2 Nb4 15. O-O-O
f4 16. Nf5 Bxf5 17. exf5 Nxf2 18. Na4 Qa7 19. Rh5 Nxd1 20. Qxd1 cxd5 21. a3 Nc6
22. cxd5 Nd4 23. Bd3 b5 24. Nc3 b4 25. Ne4 Nxf5 26. a4 Qd4 27. Qe2 Rac8+ 28.
Kb1 b3 29. Bb5 Qg1+ 30. Qe1 Qxe1+ 31. Bxe1 Ra8 32. Bd7 Ng3 33. Bxg3 fxg3 34.
Nxg3 Rf2 35. Rh1 Rxg2 36. Ne4 Ra7 37. Be6+ Kh8 38. Nxd6 Rxg6 1/2-1/2

[Event "ENCI Limburg-open A"]
[Site "Maastricht"]
[Date "2007.05.26"]
[Round "2"]
[White "Vandevoort, Pascal"]
[Black "Van Eijndhoven, Erik"]
[Result "1-0"]
[WhiteElo "2385"]
[BlackElo "2026"]
[PlyCount "67"]
[EventDate "2007.05.25"]
[EventType "swiss"]
[EventRounds "7"]
[EventCountry "NED"]
[Source "P.Boonen"]
[SourceDate "2010.01.01"]

1. d4 Nf6 2. c4 g6 3. Nc3 Bg7 4. e4 d6 5. Nf3 O-O 6. Be2 Nbd7 7. O-O e5 8. Re1
c6 9. Bf1 Re8 10. Rb1 exd4 11. Nxd4 Nc5 12. f3 a5 13. b3 Ne6 14. Be3 Nh5 15.
Qd2 Nhf4 16. Rbd1 Qe7 17. Na4 Nxd4 18. Bxd4 Be5 19. Nb6 Rb8 20. Qxa5 Qh4 21. g3
Nh3+ 22. Bxh3 Qxh3 23. Bxe5 dxe5 24. Qc5 Be6 25. Qe3 Kg7 26. Rd2 h5 27. Red1 h4
28. Qg5 f6 29. Qxh4 Qxh4 30. gxh4 Rh8 31. Nd7 Rbe8 32. Nc5 Bc8 33. Nxb7 Rxh4
34. Nd6 1-0

[Event "ENCI Limburg-open A"]
[Site "Maastricht"]
[Date "2007.05.26"]
[Round "2"]
[White "Vrendenborg, Carel"]
[Black "Pastoor, Ernst Jan"]
[Result "0-1"]
[WhiteElo "2023"]
[BlackElo "1825"]
[PlyCount "66"]
[EventDate "2007.05.25"]
[EventType "swiss"]
[EventRounds "7"]
[EventCountry "NED"]
[Source "P.Boonen"]
[SourceDate "2010.01.01"]

1. e4 d6 2. d4 g6 3. Nc3 Bg7 4. Be2 Nd7 5. h4 c6 6. a4 Ngf6 7. g4 h5 8. g5 Ng8
9. Be3 Qc7 10. Qd2 a6 11. f4 e6 12. d5 exd5 13. exd5 c5 14. Bd3 Ne7 15. Nge2
Nb6 16. Ng3 O-O 17. f5 Bxc3 18. bxc3 Nexd5 19. O-O Nxe3 20. Qxe3 c4 21. fxg6
cxd3 22. gxf7+ Rxf7 23. Qe8+ Kg7 24. Nxh5+ Kg6 25. Rf6+ Kxh5 26. Raf1 Qc5+ 27.
R1f2 Be6 28. Qxe6 Rxf6 29. Qxf6 Qd5 30. cxd3 Re8 31. Qh6+ Kg4 32. Rg2+ Kh3 33.
Rh2+ Kg3 0-1